[Event "Konnerud høstturnering"]
[Site "Konnerud kino bydelshus"]
[Date "2016.12.08"]
[Round "9"]
[White "Nilsen, Helmer"]
[Black "Andersson, Øivind"]
[Result "1-0"]
[WhiteElo "1550"]
[BlackElo "1556"]
[PlyCount "161"]
[EventDate "2016.??.??"]

1. c4 Nf6 2. d4 e6 3. e3 d5 4. Nf3 Nc6 5. a3 g6 6. Nc3 Bg7 7. Qb3 O-O 8. Ne5
Ne7 9. Be2 c6 10. Bd2 Nd7 11. f4 Nxe5 12. fxe5 Nf5 13. g3 b6 14. O-O-O Rb8 15.
g4 Ne7 16. Bd3 Ba6 17. h4 Qd7 18. h5 b5 19. c5 g5 20. h6 Bh8 21. Qc2 Ng6 22.
Rh5 Qd8 23. Ne2 Rb7 24. e4 dxe4 25. Bxe4 Rc7 26. Ba5 b4 27. Bxc7 Qxc7 28. Ng1
bxa3 29. bxa3 Rb8 30. Nf3 Qa5 31. a4 Qb4 32. Rd2 Qa3+ 33. Kd1 Qa1+ 34. Qc1
Qxa4+ 35. Ke1 f6 36. exf6 Bxf6 37. Nxg5 Bxd4 38. Bxc6 Qb4 39. Rh3 Nf4 40. Rf3
e5 41. Bd5+ Nxd5 42. Rf7 Be3 43. Rg7+ Kf8 44. Nxh7+ Ke8 45. Rg8+ Ke7 46. Rxb8
Qxb8 47. Qa3 Bxd2+ 48. Kxd2 Qb4+ 49. Qxb4 Nxb4 50. Ke3 Bd3 51. Ng5 a5 52. Ne4
Kf8 53. c6 Ba6 54. g5 Nd5+ 55. Kd2 Nf4 56. Nf6 Ng6 57. Nd7+ Ke7 58. Nc5 Bc8 59.
Nb7 a4 60. Nc5 a3 61. Kc3 Kd6 62. Ne4+ Kxc6 63. Kb3 a2 64. Kxa2 Bf5 65. Ng3 Bd3
66. Kb2 Kd5 67. Kc3 Bb1 68. Kd2 Kd4 69. Ne2+ Kc4 70. Ke3 Kc5 71. Nc3 Bc2 72.
Ne4+ Bxe4 73. Kxe4 Kd6 74. Kf5 Nh8 75. g6 e4 76. g7 Nf7 77. h7 e3 78. h8=Q e2
79. Qe8 Nh6+ 80. Kg6 Ng4 81. Qxe2 
1-0

[Event "Konnerud høstturnering"]
[Site "Konnerud kino bydelshus"]
[Date "2016.12.07"]
[Round "9"]
[White "Jahnsen, Bjørn"]
[Black "Omland, Harald"]
[Result "0-1"]
[WhiteElo "1534"]
[BlackElo "1547"]
[PlyCount "71"]
[EventDate "2016.??.??"]

1. d4 c5 2. c3 e6 3. Nf3 d5 4. g3 Nf6 5. Bg2 Be7 6. O-O O-O 7. Ne5 Nc6 8. Bf4
Qb6 9. b3 cxd4 10. Nxc6 bxc6 11. cxd4 Ba6 12. Re1 Ng4 13. h3 Nf6 14. Be5 Nd7
15. Bf4 Rac8 16. a3 c5 17. dxc5 Bxc5 18. e3 Be7 19. Nd2 Rc3 20. Bf1 e5 21. Qg4
Nf6 22. Qf3 exf4 23. Qxf4 Bxf1 24. Rxf1 Rfc8 25. b4 Qe6 26. Kh2 Ne4 27. Nxe4
dxe4 28. Qg4 Qxg4 29. hxg4 Rc2 30. Rab1 Ra2 31. Rb3 Rcc2 32. Kg2 Kf8 33. Kg1
Bf6 34. Kg2 Bb2 35. b5 Bxa3 36. g5
0-1

[Event "Konnerud høstturnering"]
[Site "Konnerud kino bydelshus"]
[Date "2016.12.07"]
[Round "9"]
[White "Ruud, Steffen"]
[Black "Flemsæter, Egil"]
[Result "0-1"]
[WhiteElo "1526"]
[BlackElo "1459"]
[PlyCount "64"]
[EventDate "2016.??.??"]

1. e4 e5 2. Nf3 Nc6 3. Bc4 Bc5 4. O-O Nf6 5. a3 O-O 6. c3 d6 7. Re1 Bg4 8. b4
Bb6 9. b5 Na5 10. Bf1 Rc8 11. d3 c6 12. a4 Qd7 13. Be2 Be6 14. Bg5 Ng4 15. d4
exd4 16. Nxd4 Bc4 17. Bxg4 Be6 18. Bxe6 fxe6 19. Qg4 Qf7 20. Qxe6 Qxe6 21. Nxe6
Bxf2+ 22. Kh1 Bxe1 23. Nxf8 Rxf8 24. h3 Rf1+ 25. Kh2 Bxc3 26. Ra2 Be5+ 27. g3
Rxb1 28. Rf2 cxb5 29. Be7 Rb2 30. Rxb2 Bxb2 31. Bxd6 bxa4 32. e5 Kf7
0-1

[Event "Konnerud høstturnering"]
[Site "Konnerud kino bydelshus"]
[Date "2016.12.07"]
[Round "9"]
[White "Damli, Robert Forthun"]
[Black "Sveia, Per Arne"]
[Result "1-0"]
[WhiteElo "1330"]
[BlackElo "1178"]
[PlyCount "65"]
[EventDate "2016.??.??"]

1. e4 b6 2. Nf3 Bb7 3. Nc3 e6 4. Bc4 Ne7 5. O-O d5 6. exd5 exd5 7. Bb3 d4 8.
Ne2 c5 9. Ba4+ Nec6 10. Ne5 Bd6 11. Nc4 Bc7 12. d3 a6 13. Bxc6+ Bxc6 14. Re1
O-O 15. Bf4 Qd5 16. f3 Bxf4 17. Nxf4 Qd8 18. a4 Nd7 19. Qd2 b5 20. axb5 axb5
21. Rxa8 Qxa8 22. Nd6 Qb8 23. Nf5 Qa8 24. Ne7+ Kh8 25. Nh5 g6 26. Nf6 Nxf6 27.
Qg5 Ng8 28. Qe5+ f6 29. Qxc5 Nxe7 30. Rxe7 Re8 31. Qd6 Qd8 32. Qxf6+ Kg8 33.
Qg7#
1-0